Herausforderungen des Bankensektors in Deutschland

Saved in:
Bibliographic Details
Main Author: Schwarz, Oliver, 1969-
Format: Book Chapter
Language:German
Subjects:
Tags: Add Tag
No Tags, Be the first to tag this record!

MARC

LEADER 00000nla$a2200000$$$4500
001 0114769
005 20240502072300.7
041 0 |a ger 
044 |a SK 
245 1 0 |a Herausforderungen des Bankensektors in Deutschland  |c Oliver Schwarz 
610 2 0 |a bankovníctvo 
610 2 0 |a banky 
610 2 0 |a Nemecko 
100 1 |a Schwarz, Oliver, 1969-